| 000 | 01296 a2200253 4500 | ||
|---|---|---|---|
| 003 | Nust | ||
| 005 | 20170207154042.0 | ||
| 020 | _a0-415-30472-5 : | ||
| 035 | _a(Uk)gb A20W6342 | ||
| 035 | _a6988427 | ||
| 040 | _cNust | ||
| 082 | 0 | 4 | _a327.5405491 |
| 100 | 1 | _aDixit, J. N. | |
| 245 | 1 | 0 |
_aIndia-Pakistan in war and peace -(E-BOOK) _cJ.N. Dixit. |
| 260 |
_aLondon : _bRoutledge, _c2002. |
||
| 300 |
_a501 p. ; _c24 cm. |
||
| 500 | _aOriginally published: India : Books Today, 2002. | ||
| 505 | _aIntroduction (Page-1) IC-814 to Kandahar (Page-10) Implications of the Kargil War (Page-25) Tunnel Visionaries (Page-72) Wellsprings of Antagonism (Page-91) From Democracy to Dictatorship and War (Page-122) The Break-up of Pakistan: Mujibnagar to Simla—The Advent of Zia-ul-Haq (Page-161) Coup to Coup: Pakistan, 1972–1999 (Page-232) Kashmir: The Intractable Bone of Contention (Page-302) India and Pakistan—Nuclear Weapons States (Page-322) Retrospect and Prospects (Page-346) The Agra Summit and After (Page-396) Uncertainties or Opportunities (Page-411) | ||
| 651 | 0 |
_aIndia _xForeign relations _zPakistan. |
|
| 651 | 0 |
_aIndia _xPolitics and government _y20th century. |
|
| 651 | 0 |
_aPakistan _xForeign relations _zIndia. |
|
| 651 | 0 |
_aPakistan _xPolitics and government. |
|
| 655 | _aE-BOOK | ||
| 942 |
_2ddc _cBK |
||
| 999 |
_c192704 _d192704 |
||